Millionenstädte, die mit A beginnen - Statistiken

Allgemein
  • Dieses Quiz wurde 84 mal gespielt
  • Das Durchschnittsergebnis liegt bei 7 aus 11
Antwortstatistiken
Einwohner in Mio. (ca.) Land Stadt % Korrekt
5,80 Türkei Ankara
99%
3,92 Algerien Algier
93%
5,81 Ägypten Alexandria
84%
2,23 Ghana Accra
81%
5,70 Äthiopien Addis Abeba
79%
4,83 Jordanien Amman
78%
1,33 Australien Adelaide
71%
8,85 Indien Ahmedabad
44%
5,60 Elfenbeinküste Abidjan
41%
1,73 Türkei Adana
38%
1,59 Indien Agra
38%
Keine übereinstimmenden Quizze gefunden
Verteilung der Resultate
Anzahl Personen mit jedem Resultat
Perzentil nach korrekt beantworteten Fragen
Ihre Resultats-Entwicklung
Sie haben dieses Quiz noch nicht gespielt